00362nam a2200145Ia 450000500170000000800410001708200140005810000190007224500290009126000380012030000120015865000220017065000120019265000120020420250304005230.0240331s9999 xx 000 0 und d bSENa954  aSeneviratne, M 0aSome facets of Sri Lanka aColombobSwastika (Pvt) Ltdc1985 a79 p ., aAncient Sri Lanka aHistory aTourism